Statistics for Countries Without Vowels Quiz #01

Click here to take the quiz!

General Stats

  • This quiz has been taken 79 times
  • The average score is 12 of 14

Answer Stats

Countries (No Vowels)Countries% Correct
MDGSCRMadagascar
97%
PNMPanama
96%
BLGMBelgium
95%
DNMRKDenmark
95%
LBYLibya
95%
MRSHLL SLNDSMarshall Islands
95%
MNGLMongolia
95%
VTNMVietnam
93%
KYRGYZSTNKyrgyzstan
92%
KSVKosovo
90%
GTMLGuatemala
88%
BHRNBahrain
78%
BNNBenin
78%
RTREritrea
48%

Score Distribution

Percentile by Number Answered

Percent of People with Each Score

Your Score History

You have not taken this quiz